Statistics for Famous football managers by picture #2

Click here to take the quiz!

General Stats

  • This quiz has been taken 32 times
  • The average score is 11 of 16

Answer Stats

Answer% Correct
Zinédine Zidane
100%
Louis van Gaal
96%
Thomas Tuchel
93%
Didier Deschamps
82%
Unai Emery
79%
Roberto Mancini
75%
David Moyes
68%
Vicente del Bosque
68%
Roberto Martinez
61%
Luiz Felipe Scolari
57%
Brendan Rodgers
54%
Fabio Capello
50%
Franz Beckenbauer
50%
André Villas-Boas
43%
Massimiliano Allegri
43%
Marcello Lippi
36%

Score Distribution

Percentile by Number Answered

Percent of People with Each Score

Your Score History

You have not taken this quiz